A propósito del ALCA

Salvato in:
Dettagli Bibliografici
Autore principale: Balbis Pérez, Jorge Mario
Ente Autore: ALOP
Natura: Sconosciuto
Pubblicazione: San José: ALOP
Soggetti:
Tags: Aggiungi Tag
Nessun Tag, puoi essere il primo ad aggiungerne!!

MARC

LEADER 00000 a2200000 04500
001 34474
003
008 991231s d
040
020 |a 9968-930-00-8  
022 |a 9968-930-00-8  
090 |a 0001 A837a  
100 |a Balbis Pérez, Jorge Mario  
110 |a ALOP  
245 |a A propósito del ALCA  
260 |a San José:   |b ALOP  
300 |a 175 p.  
650 |a PEQUEÑOS AGRICULTORES  
650 |a ACUERDOS INTERNACIONALES  
650 |a DESIGUALDAD ECONOMICA  
650 |a NEGOCIACIONES COMERCIALES  
650 |a AMERICA LATINA  
650 |a EXPORTACIONES AGRICOLAS  
999 |c 11759  |d 11759